LIBRARY & INFORMATION CENTRE, KCAET, TAVANUR

ONLINE PUBLIC ACCESS CATALOGUE (OPAC)

Mechanisation and Automation in Dairy Technology (Record no. 15650)

MARC details
000 -LEADER
fixed length control field 00381nam a22001457a 4500
003 - CONTROL NUMBER IDENTIFIER
control field OSt
008 - FIXED-LENGTH DATA ELEMENTS--GENERAL INFORMATION
fixed length control field 190523b ||||| |||| 00| 0 eng d
020 ## - INTERNATIONAL STANDARD BOOK NUMBER
ISBN 9788126557325
082 ## - DEWEY DECIMAL CLASSIFICATION NUMBER
Classification number 637
Item number TAM/ME
245 ## - TITLE STATEMENT
Title Mechanisation and Automation in Dairy Technology
260 ## - PUBLICATION, DISTRIBUTION, ETC. (IMPRINT)
Place of publication New Delhi
Name of publisher Wiley India Pvt.Ltd
Year of publication 2001
300 ## - PHYSICAL DESCRIPTION
Number of Pages 348 p.
700 ## - ADDED ENTRY--PERSONAL NAME
Personal name Tamime, Adnan Y.
942 ## - ADDED ENTRY ELEMENTS (KOHA)
Koha item type Books

No items available.

free website counter